000 00677nam a22002297a 4500
001 99
003 BD-RjUL
005 20211208233119.0
008 131116r19451960-ukaddd|||||| |0| 0 eng d
035 _a(BD-RjUL) 108
040 _aBD-RjUL
_beng
_cBD-RjUL
041 _aeng
082 0 4 _216
_a 537.1
_bRAE
100 _aRamsey, A. S.
_9331
245 _aElectrycity and Magnitism:
_ban introduction to the mathematical theory /
_cA. S. RAMSEY
260 _aGreat Britain:
_bUniversity press,
_c1945 [reprinted1946-1960]
300 _ax, 267 p. :
_bill. ;
_c22 cm
526 _alanguage
_bApplied physics.
650 7 _aElectricity.
_9240
650 7 _aMagnetism
_9240
942 _2ddc
_cBK
999 _c99
_d99